000 01397nam a2200409 i 4500
001 44164
003 ES-MaCES
005 20220408040012.0
008 120705s2013 sp t 000 | spa d
017 _aV 3269-2012
_bDL
020 _a9788490332429
035 _aCES20120004767m
040 _aES-MaCES
_bspa
_cES-MaCES
100 1 _aPomares Cintas, Esther
_934700
245 1 3 _aEl derecho penal ante la explotación laboral y otras formas de violencia de género
_cprólogo de Fco. Javier Álvarez García ; [autor], Esther Pomares Cintas
260 _aValencia
_bTirant lo Blanch
_c2013
300 _a250 p.
_c22 cm
490 1 _aTirant monografías
_v822
504 _aBibliografía: p. 241-250
541 _cCompra
650 4 _aderecho penal
_927159
650 4 _aderecho del trabajo
_927165
650 4 _atráfico de mano de obra
_930751
650 4 _ainmigración ilegal
_930619
650 4 _atrabajo forzoso
_928329
650 4 _adiscriminación
_927180
650 4 _aigualdad de oportunidades en el empleo
_930649
650 4 _aacoso laboral
_930708
650 4 _aEspaña
_926964
650 4 _arégimen jurídico
_929894
653 1 0 _aDerecho penal
700 _934701
_aÁlvarez Garcia, Francisco Javier
_ecol.
830 0 _aTirant monografías
_v822
_932480
902 _aLIB Libro
942 _2CES
_cBK
_h6.0.8.
999 _c44164
_d44164